Introducción a la teoría de los grupos /

Guardado en:
Autor Principal: Aleksandrov, P. S. 1896-1982.
Formato: Libro
Idioma:Spanish
Russian
Publicado: [Buenos Aires] : Eudeba, c1965.
Series:Cuadernos de Eudeba ; 132
Etiquetas: Agregar Etiqueta
Sin Etiquetas, Sea el primero en etiquetar este registro!
LEADER 00732nam a22001935a 4500
001 MAT.inmabb003231
008 051103s1965####ag#a#####b####001#0#spa#d
005 20120813113346.0
245 1 0 |a Introducción a la teoría de los grupos /  |c P. S. Alexandroff ; [traducida por Juana Elisa Quastler]. 
260 |a [Buenos Aires] :  |b Eudeba,  |c c1965. 
300 |a 152 p. :  |b il. ;  |c 19 cm. 
440 0 |a Cuadernos de Eudeba ;  |v 132 
500 |a Traducción de: Vvedenie v teoriiu grupp. 2ª ed. 1951. 
504 |a Bibliografía: p. 145. 
100 1 |a Aleksandrov, P. S.  |q (Pavel Sergeevich),  |d 1896-1982. 
084 |a 20-01  |2 msc2000 
041 1 |a spa  |h rus 
859 |h 20  |i Al366  |p A-7304  |b BIB. MATEMATICA 
859 |h 20  |i Al366  |p A-8014  |t Ej. 2  |b BIB. MATEMATICA